[Event "Daehne Cup Region 15/16 III"]
[Site "Burgdorf"]
[Date "2016.02.01"]
[Round "2"]
[White "Meyer, Thorsten"]
[Black "Gehrecke, Helmuth"]
[Result "0-1"]
[WhiteElo "1361"]
[BlackElo "1646"]
[PlyCount "60"]
[EventDate "2016.01.25"]
[EventType "k.o."]
[EventRounds "4"]
[EventCountry "GER"]
[SourceTitle "EXT 2022"]
[Source "ChessBase"]
[SourceDate "2021.10.06"]
[SourceVersion "1"]
[SourceVersionDate "2021.10.06"]
[SourceQuality "1"]

1. d4 Nf6 2. Nc3 d5 3. h3 e6 4. e3 a6 5. Nf3 c5 6. Bd3 c4 7. Be2 Bb4 8. Bd2 Nc6 9. 0-0 0-0 10. a3 Bd6 11. Na2 b5 12. c3 Re8 13. Re1 e5 14. Kh1 Ne4 15. Kg1 Re6 16. dxe5 Nxe5 17. Nxe5 Bxe5 18. Bf3 Nc5 19. Nc1 Rg6 20. Bg4 Bxg4 21. hxg4 Qh4 22. f4 Bc7 23. Qf3 Ne4 24. Re2 Rxg4 25. Be1 Ng3 26. Bxg3 Rxg3 27. Qf1 Bb6 28. Qf2 Re8 29. Qf1 Rgxe3 30. Rf2 Re1 0-1

[Event "Daehne Cup Region II Restturnier"]
[Site "Burgdorf"]
[Date "2011.03.07"]
[Round "4.3"]
[White "Baum, Frank Christian"]
[Black "Gehrecke, Helmuth"]
[Result "1-0"]
[WhiteElo "1634"]
[BlackElo "1719"]
[PlyCount "99"]
[EventDate "2011.02.14"]
[EventType "swiss"]
[EventCountry "GER"]
[SourceTitle "EXT 2022"]
[Source "ChessBase"]
[SourceDate "2021.10.06"]
[SourceVersion "1"]
[SourceVersionDate "2021.10.06"]
[SourceQuality "1"]

1. e4 c5 2. Nf3 d6 3. Bb5+ Bd7 4. Bxd7+ Nxd7 5. Nc3 e5 6. d3 Ngf6 7. 0-0 Be7 8. Nd5 Nxd5 9. exd5 0-0 10. c4 f5 11. Ne1 f4 12. f3 Bh4 13. Nc2 Rf6 14. b4 b6 15. Bd2 Rg6 16. Qe2 Nf6 17. bxc5 bxc5 18. Rab1 Rb8 19. Na3 a6 20. Rxb8 Qxb8 21. Rb1 Qd8 22. Bc3 Ne8 23. Rb3 Qc8 24. Kh1 Bg3 25. hxg3 fxg3 26. Bd2 Qf5 27. f4 Qf6 28. Be3 exf4 29. Bxc5 Qd8 30. Bd4 h6 31. Rb7 Nf6 32. Qe6+ Kh7 33. Qf5 Qe8 34. Qe6 Qa4 35. Rb3 Qa5 36. Bc3 Qc5 37. d4 Qc7 38. Qe2 Ng4 39. Qe8 Nf2+ 40. Kg1 Nh3+ 41. Kf1 Rf6 42. Qe4+ Kg8 43. gxh3 f3 44. Bd2 Qc8 45. Qg4 g2+ 46. Kf2 Qe8 47. Re3 Qf7 48. Re1 Rg6 49. Qe4 Qb7 50. Qxg6 1-0

[Event "Hannover-chB"]
[Site "Lehrte"]
[Date "2010.10.09"]
[Round "2"]
[White "Ebbing, Achim"]
[Black "Gehrecke, Helmuth"]
[Result "0-1"]
[WhiteElo "1675"]
[BlackElo "1670"]
[PlyCount "78"]
[EventDate "2010.10.09"]
[EventType "swiss"]
[EventRounds "7"]
[EventCountry "GER"]
[SourceTitle "EXT 2021"]
[Source "ChessBase"]
[SourceDate "2020.10.23"]
[SourceVersion "1"]
[SourceVersionDate "2020.10.23"]
[SourceQuality "1"]

1. e4 c5 2. Nf3 e6 3. d4 cxd4 4. Nxd4 Nc6 5. Nc3 a6 6. Be2 Qc7 7. Be3 Nf6 8. Qd2 Bb4 9. f3 d5 10. Nxc6 Qxc6 11. Bd4 dxe4 12. Bxf6 gxf6 13. Rd1 Bxc3 14. bxc3 Ke7 15. 0-0 Qb6+ 16. Kh1 e3 17. Qc1 Qc5 18. Rd3 Bd7 19. c4 Rad8 20. Rfd1 Bc6 21. Qb2 Rxd3 22. Rxd3 Rg8 23. Qd4 Qxd4 24. Rxd4 f5 25. g3 e5 26. Rd3 f4 27. gxf4 exf4 28. Rd4 Rd8 29. Rxd8 Kxd8 30. Kg2 Bd7 31. Bd3 f5 32. a4 a5 33. c3 Ke7 34. Kf1 Kf6 35. Bc2 Ke5 36. Ke2 Kd6 37. Ke1 Kc5 38. Bd3 h6 39. h4 Bxa4 0-1

[Event "GER Seniors Derby 06th"]
[Site "Wesel Undeloh"]
[Date "2007.04.14"]
[Round "4.9"]
[White "Gehrecke, Helmuth"]
[Black "Meiwald, Gerhard"]
[Result "1/2-1/2"]
[WhiteElo "1717"]
[BlackElo "1806"]
[PlyCount "49"]
[EventDate "2007.04.12"]
[EventType "swiss"]
[EventRounds "7"]
[EventCountry "GER"]
[SourceTitle "EXT 2022"]
[Source "ChessBase"]
[SourceDate "2021.10.06"]
[SourceVersion "1"]
[SourceVersionDate "2021.10.06"]
[SourceQuality "1"]

1. d4 Nf6 2. c4 g6 3. Nc3 d5 4. cxd5 Nxd5 5. e4 Nxc3 6. bxc3 Bg7 7. Bd3 0-0 8. Ne2 c5 9. Be3 cxd4 10. cxd4 Nc6 11. Qa4 a6 12. Rd1 Bd7 13. Qa3 Na7 14. 0-0 Bb5 15. d5 Bxd3 16. Rxd3 Nb5 17. Qb4 Rc8 18. a4 Nd6 19. Rc1 Qd7 20. Rdd1 Rxc1 21. Rxc1 Rc8 22. Rxc8+ Qxc8 23. f3 Qc4 24. Qxc4 Nxc4 25. Bc5 1/2-1/2

[Event "GER Seniors Derby 06th"]
[Site "Wesel Undeloh"]
[Date "2007.04.13"]
[Round "3.4"]
[White "De Carbonnel, Paul"]
[Black "Gehrecke, Helmuth"]
[Result "1-0"]
[WhiteElo "1836"]
[BlackElo "1717"]
[PlyCount "67"]
[EventDate "2007.04.12"]
[EventType "swiss"]
[EventRounds "7"]
[EventCountry "GER"]
[SourceTitle "EXT 2022"]
[Source "ChessBase"]
[SourceDate "2021.10.06"]
[SourceVersion "1"]
[SourceVersionDate "2021.10.06"]
[SourceQuality "1"]

1. Nf3 d5 2. d4 Nf6 3. c4 e6 4. e3 b6 5. cxd5 Nxd5 6. Bb5+ c6 7. Bd3 Bb4+ 8. Nbd2 0-0 9. 0-0 Bb7 10. a3 Be7 11. Nc4 Nd7 12. e4 Nc7 13. Bf4 Nf6 14. Qe2 Rc8 15. Rfd1 Nh5 16. Be3 Nf6 17. Rac1 Nd7 18. Bf4 Nf6 19. h3 Nfe8 20. Bb1 g5 21. Bh2 f6 22. Qc2 Ng7 23. d5 cxd5 24. exd5 f5 25. d6 Bxf3 26. gxf3 Nd5 27. dxe7 Qxe7 28. Bd6 Qb7 29. Qb3 Rf6 30. Be5 Rh6 31. Nd6 Rxc1 32. Nxb7 Rxd1+ 33. Qxd1 Rxh3 34. Bxg7 1-0